000 00323 a2200109 4500
001 ART_17827
005 20260410161700.0
008 260409a
245 1 0 _aEvolución de los salarios y dela productividad.
100 1 _aMontuschi, Luisa
773 0 _tEnsayos Económicos
_g- Nº 19 (sep. 1981)
_wREV620
999 _c15130
_d15130